logo

Bir Sreshtho Munshi Abdur Rouf Library
Jhenaidah Cadet College

সত্যি রাজাদের নিয়ে পল্প : (Record no. 11071)

MARC details
000 -LEADER
fixed length control field 00787nam a2200229 a 4500
001 - CONTROL NUMBER
JCCL Control Number 11071
003 - CONTROL NUMBER IDENTIFIER
JCCL marc code BD-JhCC
005 - DATE AND TIME OF LATEST TRANSACTION
control field 20230924124750.0
008 - FIXED-LENGTH DATA ELEMENTS--GENERAL INFORMATION
fixed length control field 190628b 2015bg a|||| ||a| 000 0 ben d
020 ## - INTERNATIONAL STANDARD BOOK NUMBER
International Standard Book Number 9789849001867
035 ## - SYSTEM CONTROL NUMBER
system control number (BD-JhCC)11071
040 ## - CATALOGING SOURCE
Original cataloging agency BD-JhCC
Modifying agency BD-JhCC
041 ## - LANGUAGE CODE
Language code of Book ben
082 ## - DEWEY DECIMAL CLASSIFICATION NUMBER
Classification number 891.4435
Author mark and Year SAG 2015
100 ## - MAIN ENTRY--PERSONAL NAME
Personal name সাগর, ফরিদুর রেজা
245 ## - TITLE STATEMENT
Title সত্যি রাজাদের নিয়ে পল্প :
Remainder of title আমরা সবাই রাজা /
Statement of responsibility, etc ফরিদুর রেজা সাগর ।
260 ## - PUBLICATION, DISTRIBUTION, ETC. (IMPRINT)
Place of publication, distribution, etc ঢাকা:
Name of publisher, distributor, etc অনন্যা;
Date of publication, distribution, etc ২০১৫.
300 ## - PHYSICAL DESCRIPTION
Pagination ৩৪৯ পৃঃ . :
Other physical details ill;
Dimensions ২২ সেমি.
650 ## - SUBJECT ADDED ENTRY--TOPICAL TERM
Topical term or geographic name as entry element Bengali short stories
942 ## - ADDED ENTRY ELEMENTS (KOHA)
Source of classification or shelving scheme Dewey Decimal Classification
Koha item type Books
Koha issues (borrowed), all copies 1
Holdings
Source of classification or shelving scheme Damaged status Not for loan Home library Current library Shelving location Cost, normal purchase price Total Checkouts Full call number Barcode Date last seen Date checked out Copy number Koha item type Date of accession Method of acquisition Currency
Dewey Decimal Classification     JCC Rouf Library JCC Rouf Library General Stacks 850.00 1 891.4435 SAG 2015 15138 04/11/2020 04/08/2020 C-1 Books      
Dewey Decimal Classification     JCC Rouf Library JCC Rouf Library General Stacks 638.00   891.4435 SAG 2015 18351 09/24/2023   C-2 Books 09/24/2023 Purchase BDT

JCC Library | Contacts | JCC Home

Last Update on 23 September 2017
Copyright @ 2017-2020 JCC Rouf Library
Rouf Library, Jhenidah Cadet College (JCC), Bangladesh